Statistics for Random Swedish Words

Click here to take the quiz!

General Stats

  • This quiz has been taken 900 times
  • The average score is 17 of 24

Answer Stats

SwedishEnglish% Correct
BlodBlood
93%
JagMe
92%
FlaggaFlag
89%
PapperPaper
88%
DansaDance
87%
GuldGold
87%
ÄrmArm
86%
DörrDoor
82%
VattenWater
82%
StadCity
77%
NorrNorth
76%
VitWhite
75%
PengarMoney
74%
HästHorse
73%
FönsterWindow
68%
HelveteHell
67%
ModerMother
63%
OrdWord
63%
PäronPear
62%
ÖraEar
60%
BrandFire
56%
VäggWall
43%
KulleHill
30%
TegelBrick
29%

Score Distribution

Percentile by Number Answered

Percent of People with Each Score

Your Score History

You have not taken this quiz